| 000 | 00602nam a22001937a 4500 | ||
|---|---|---|---|
| 005 | 20140702123956.0 | ||
| 010 | _aENG-109751 | ||
| 020 |
_a9788173816383 _c635.00 |
||
| 035 | _aEN-93284 | ||
| 037 | _bDBAD/PUB | ||
| 082 | _a624.171 | ||
| 100 | _aSinha, N.C. | ||
| 245 | 0 | 0 |
_aElements of structural analysis / _cby N. C. Sinha |
| 260 |
_aKolkata _bNew Central Book Agency _c2013(repr.) |
||
| 270 |
_a8/1 Chintamoni Das Lane _bKolkata _e700009 |
||
| 300 |
_axv,1001p. : _c25cm(pbk) _bill. |
||
| 500 | _aIncludes bibliographical references and index | ||
| 942 |
_2ddc _cEN _mSIN _h624.171 |
||
| 999 |
_c83653 _d83653 |
||